000 00759nam a2200253Ia 4500
008 100315s9999 xx 000 0 und d
020 _a0286 1103 2 
040 _cENGLISH 
082 _b8764 
_a658.8 
100 _a"Smallbone, Douglas W. "
245 _aThe Practice of Marketing
250 _a2nd 
260 _aLondon 
_bStaples Press  
_c1972 
300 _a"ix, 373p  "
365 _ePounds 
_d
_b4.95 
366 _f
505 _gDBH 
530 _bDonated By RBI Library  
620 _a"Pricing, Sales Forecasting , Communication , sales foprce , Advertising , Sales Promotion , Control "
630 _aThe Practice of Marketing
650 _aMarketing 
730 _aThe Practice of Marketing
942 _cBOOK
999 _c483499
_d483496